| 000 | 00534nam a22001817a 4500 | ||
|---|---|---|---|
| 999 |
_c16641 _d16641 |
||
| 008 | 180207b xxu||||| |||| 00| 0 eng d | ||
| 020 | _a1849666060 | ||
| 040 |
_aKABU _cKABU |
||
| 050 |
_aH62 _b.H36 2013 c. 1 |
||
| 100 | _aHammersley, Martyn | ||
| 245 |
_aWhat is qualitative research? _cMartyn Hammersley |
||
| 260 |
_aLondon _bBloomsbury _c2013 |
||
| 300 | _aix, 125 p. | ||
| 650 |
_aSocial sciences _xResearch _xMethodology |
||
| 650 |
_aResearch _xMethodology |
||
| 650 | _aQualitative research | ||
| 942 |
_2lcc _cBK _hH62 |
||